000 003140000a22001450004500
003 MACL
040 _aMACL
090 _c6817
_d6816
100 _aSinha, Ramesh Chandra
245 _aConcept of Reason and Intuition
260 _bJanki Prakashan
_c1981
350 _a65
650 _aphilosophy
942 _cBOOK
_k100
999 _c6769
_d6769